خامات من البحر / (Record no. 14168)
[ view plain ]
| 000 -LEADER | |
|---|---|
| fixed length control field | 01166nam a22002417a 4500 |
| 008 - FIXED-LENGTH DATA ELEMENTS--GENERAL INFORMATION | |
| fixed length control field | 100622t xxu||||| |||| 00| 0 eng d |
| 082 ## - DEWEY DECIMAL CLASSIFICATION NUMBER | |
| Edition number | 22 |
| Item number | أ ر م |
| Classification number | 551.46 |
| 100 1# - MAIN ENTRY--PERSONAL NAME | |
| 9 (RLIN) | 15063 |
| Personal name | أرمسترونج، إدوارد فرانكلند |
| 245 ## - TITLE STATEMENT | |
| Title | خامات من البحر / |
| Statement of responsibility, etc | تأليف إدوارد فرانكلند أرمسترونج، ل. ماكنزي ميال؛ ترجمة حسن خالد الشامي؛ راجعه عبد الفتاح اسماعيل. |
| 260 ## - | |
| -- | القاهرة : |
| -- | مؤسسة سجل العرب ، |
| -- | 1956. |
| 300 ## - PHYSICAL DESCRIPTION | |
| Extent | 234 ص : |
| Dimensions | 24 سم. |
| 336 ## - CONTENT TYPE | |
| Source | rdacontent |
| Content type term | text |
| Content type code | txt |
| 337 ## - MEDIA TYPE | |
| Media type term | unmediated |
| Source | rdamedia |
| Media type code | n |
| 338 ## - CARRIER TYPE | |
| Carrier type term | volume |
| Carrier type code | nc |
| Source | rdacarrier |
| 490 ## - SERIES STATEMENT | |
| -- | 14984 |
| Series statement | الألف كتاب |
| Volume number/sequential designation | ؛ 556 |
| 500 ## - GENERAL NOTE | |
| General note | ترجمة كتاب "Raw Materials from the Sea" تاليف "E. Frankland Armstrong & L. Mackenzie Miall" |
| 650 0# - SUBJECT ADDED ENTRY--TOPICAL TERM | |
| 9 (RLIN) | 15282 |
| Topical term or geographic name as entry element | مياه البحر |
| 700 1# - ADDED ENTRY--PERSONAL NAME | |
| 9 (RLIN) | 15063 |
| Personal name | أرمسترونج، إدوارد فرانكلند |
| 700 1# - ADDED ENTRY--PERSONAL NAME | |
| 9 (RLIN) | 15067 |
| Personal name | ميال، ل. ماكنزي |
| 700 1# - ADDED ENTRY--PERSONAL NAME | |
| 9 (RLIN) | 15069 |
| Personal name | الشامي، حسن خالد |
| 700 1# - ADDED ENTRY--PERSONAL NAME | |
| 9 (RLIN) | 15071 |
| Personal name | اسماعيل، عبد الفتاح |
| 942 ## - ADDED ENTRY ELEMENTS (KOHA) | |
| Source of classification or shelving scheme | Dewey Decimal Classification |
| Koha item type | Book - Borrowing |
| Classification part | RDA-MOD |
| Withdrawn status | Lost status | Source of classification or shelving scheme | Damaged status | Not for loan | Collection code | Home library | Current library | Shelving location | Date acquired | Source of acquisition | Total Checkouts | Full call number | Barcode | Date last seen | Price effective from | Koha item type |
|---|---|---|---|---|---|---|---|---|---|---|---|---|---|---|---|---|
| Dewey Decimal Classification | Baccah | Central Library | Central Library | First floor | 22/06/2010 | 551.46 أرم | 000021082 | 15/07/2025 | 22/06/2010 | Book - Borrowing |